| 000 | 00841nam a22002177a 4500 | ||
|---|---|---|---|
| 005 | 20240530110604.0 | ||
| 008 | 161026s2015 ua g b 000 0 ara d | ||
| 017 |
_a2014/8930 _bمصر. دار الكتب |
||
| 020 | _a9772329750 | ||
| 040 |
_aEG-CaGPL _cEG-CaGPL |
||
| 082 |
_221 _a811.009\ _bس ح |
||
| 100 | 0 | _aسعد عبدالعزيز مصلوح | |
| 245 | 1 | 0 |
_aحازم القرطاجنى و نظرية المحاكاة و التخييل فى الشعر / _cسعد عبدالعزيز مصلوح |
| 250 | _aط. 1 | ||
| 260 |
_aالقاهرة : _bعالم الكتب ، _c2015 . |
||
| 300 |
_a255 ص. ؛ _c24 سم . |
||
| 504 | _aيشتمل على ارجاعات ببليوجرافية | ||
| 650 | 0 | 7 |
_2qrmak _aالشعر العربى _xدواوين و قصائد |
| 942 |
_2ddc _cBK |
||
| 999 |
_c62718 _d62718 |
||